000 00210nam a22000857a 4500
008 160624b xxu||||| |||| 00| 0 eng d
100 _91086
_aBurnelt, F.H
245 _aA Little Princess
260 _aN.Y
_b Scholastic Inc
999 _c872
_d872